00373nam a2200109Ia 4500008004100000082002100041100003500062245004300097260003100140630002800171650006400199211109s9999||||xx |||||||||||||| ||und|| a894.81209bRAJ-K aRajarajavarmaraja, Vadakkumkur 0aKeraleeya Samskrithasahithyacharithram bMangalodhayamaKochic1960 xPOST GRADUATE REFERENCE aMalayalam LiteraturevMalayalam Literary HistoryxMalayalam